[Distribučný manažment]

Recenzia na monografiu Distribučný manažment. Kniha má 11 kapitol so záberom na definovanie distribučného manažmentu, jeho úloh cez distribúciu v marketingovom mixe a jeho prvky, oblasti rozhodovania o distribučnej politike.

Guardado en:
Detalles Bibliográficos
Autor principal: Oreský, Milan, 1956-
Formato: Capítulo de libro
Lenguaje:eslovaco
Materias:
Etiquetas: Agregar Etiqueta
Sin Etiquetas, Sea el primero en etiquetar este registro!

MARC

LEADER 00000naa$a2200000$$$4500
001 0104296
005 20240502072136.6
041 0 |a slo 
044 |a SK 
245 1 0 |a [Distribučný manažment]  |c Milan Oreský 
520 |a Recenzia na monografiu Distribučný manažment. Kniha má 11 kapitol so záberom na definovanie distribučného manažmentu, jeho úloh cez distribúciu v marketingovom mixe a jeho prvky, oblasti rozhodovania o distribučnej politike. 
610 2 0 |a recenzie 
610 2 0 |a kanály distribučné 
610 2 0 |a stratégia distribučná 
610 2 0 |a manažment 
100 1 |a Oreský, Milan, 1956-